| 000 | 00391nam a2200157Ia 4500 | ||
|---|---|---|---|
| 008 | 151213s9999 xx 000 0 und d | ||
| 100 | _aA.K. Sen & J. K. Mitra | ||
| 245 |
_aCommercial Law _cA.K. Sen & J. K. Mitra |
||
| 250 | _a26th | ||
| 260 |
_aKolkata _bThe World Pair _c2006 |
||
| 300 | _a4208 p. | ||
| 650 | _aLaw | ||
| 650 | _aLaw | ||
| 700 | _aA.K. Sen & J. K. Mitra | ||
| 999 |
_c2632 _d2632 |
||